|
|
|
|
| LEADER |
00000nam0a2200000 4500 |
| 001 |
289637 |
| 005 |
20231102000215.0 |
| 020 |
|
|
|a RU
|b 83-66898
|
| 035 |
|
|
|a (RuTPU)RU\TPU\book\314148
|
| 090 |
|
|
|a 289637
|
| 100 |
|
|
|a 20150402d1983 km y0rusy5003 ca
|
| 101 |
0 |
|
|a rus
|
| 102 |
|
|
|a RU
|
| 105 |
|
|
|a y z 000zy
|
| 200 |
1 |
|
|a Продовольственная программа: проблемы, разработки и реализации
|f Академия наук СССР (АН СССР), Институт экономики (ИЭ) ; В. А. Тихонова
|
| 210 |
|
|
|a Москва
|c Наука
|d 1983
|
| 215 |
|
|
|a 340 с.
|
| 300 |
|
|
|a Авт. указаны на 6-й с.
|
| 606 |
1 |
|
|a Продовольственная программа
|2 stltpush
|3 (RuTPU)RU\TPU\subj\36724
|9 58006
|
| 610 |
1 |
|
|a СССР
|
| 610 |
1 |
|
|a аграрно-промышленный комплекс
|
| 610 |
1 |
|
|a разработка
|
| 610 |
1 |
|
|a реализация
|
| 610 |
1 |
|
|a АПК
|
| 610 |
1 |
|
|a сельское хозяйство
|
| 610 |
1 |
|
|a производственные ресурсы
|
| 610 |
1 |
|
|a научно-технический прогресс
|
| 610 |
1 |
|
|a хозяйственный механизм
|
| 610 |
1 |
|
|a правовое обеспечение
|
| 610 |
1 |
|
|a внешнеэкономические связи
|
| 686 |
|
|
|a У9(2)32
|2 rubbk
|
| 702 |
|
1 |
|a Тихонов
|b В. А.
|g Владимир Александрович
|4 070
|
| 712 |
0 |
2 |
|a Академия наук СССР (АН СССР)
|b Институт экономики (ИЭ)
|c (Москва)
|2 stltpush
|3 (RuTPU)RU\TPU\col\11342
|
| 801 |
|
0 |
|a RU
|b RuMRKP
|c 19950704
|g psbo
|
| 801 |
|
1 |
|a RU
|b 63413507
|c 20150402
|
| 801 |
|
2 |
|a RU
|b 63413507
|c 20190201
|g RCR
|
| 942 |
|
|
|c BK
|